000 00598nam a2200205Ia 4500
005 20250508164643.0
008 008 250505s9999 xx 000 0 eng d
020 _a81-7671-006-7
037 _aTextual
040 _aFEDL
_beng
_cFEDL
041 _aeng
_2eng
084 _a305, ASI
_qFEDL
245 0 _aPeople of India: Jammu and Kashmir. Vol. 25
245 0 _cANTHROPOLOGICAL SURVEY OF INDIA
260 _aNew Delhi, India
_bManohar Publishers and Distributors
_c2003
300 _axlviii,761p.
365 _aINR
_b905
942 _cTEXL
_h305, ASI
999 _c1390360
_d1390360